<?xml version="1.0" encoding="UTF-8"?>
<record
    xmlns:xsi="http://www.w3.org/2001/XMLSchema-instance"
    xsi:schemaLocation="http://www.loc.gov/MARC21/slim http://www.loc.gov/standards/marcxml/schema/MARC21slim.xsd"
    xmlns="http://www.loc.gov/MARC21/slim">

  <leader>00266    a2200097   4500</leader>
  <datafield tag="020" ind1=" " ind2=" ">
    <subfield code="a">9780349117423</subfield>
  </datafield>
  <datafield tag="082" ind1=" " ind2=" ">
    <subfield code="a">EF MACC</subfield>
  </datafield>
  <datafield tag="100" ind1=" " ind2=" ">
    <subfield code="a">McCall Smith, Alexander</subfield>
    <subfield code="9">4172</subfield>
  </datafield>
  <datafield tag="245" ind1=" " ind2=" ">
    <subfield code="a">In the company of cheerful ladies</subfield>
  </datafield>
  <datafield tag="999" ind1=" " ind2=" ">
    <subfield code="c">736855</subfield>
    <subfield code="d">736854</subfield>
  </datafield>
  <datafield tag="942" ind1=" " ind2=" ">
    <subfield code="w">2694</subfield>
    <subfield code="x">Grace Mofokeng</subfield>
    <subfield code="y"></subfield>
    <subfield code="z">CRON CRON</subfield>
  </datafield>
  <datafield tag="952" ind1=" " ind2=" ">
    <subfield code="0">0</subfield>
    <subfield code="1">0</subfield>
    <subfield code="4">0</subfield>
    <subfield code="6">EF_MACC</subfield>
    <subfield code="7">0</subfield>
    <subfield code="8">F</subfield>
    <subfield code="9">669289</subfield>
    <subfield code="a">KINRL</subfield>
    <subfield code="b">KINRL</subfield>
    <subfield code="c">FIC</subfield>
    <subfield code="d">2022-11-15</subfield>
    <subfield code="l">0</subfield>
    <subfield code="o">EF MACC</subfield>
    <subfield code="p">33228019048857</subfield>
    <subfield code="r">2022-11-15</subfield>
    <subfield code="w">2022-11-15</subfield>
    <subfield code="y">BOOK</subfield>
  </datafield>
</record>
